000 00673caa a22001572a 4500
001 009024
003 AR-FADEU
008 311216n########xxu####################dd
092 _a321.8
_bR425
100 _aPeschard, Jacqueline
245 _aAspectos normativos e institucionales de la crisis de representación
300 _aPP. 135-152
500 _aEn: Representación política y democracia /comp. Carlota Jackisch. Buenos Aires : Ciedla. Centro Interdisciplinario de Estudios Sobre el Desarrollo Latinoamericano, 1998
942 _cBDGR
773 0 _014818
_913898
_a
_b
_dBuenos Aires
_o14264
_tREPRESENTACION política y democracia
_w( AR-FADEU) 009018
_x
_z950-9431-72-9
999 _c14824
_d14824